TO EVALUATE THE VARIATION AND CORRELATION OF THE THICKNESS OF GINGIVA AND THE UNDERLYING BONE TYPE IN PERIODONTITIS PATIENTS (Record no. 23372)
[ view plain ]
| 000 -LEADER | |
|---|---|
| fixed length control field | 00487nam a22001457a 4500 |
| 003 - CONTROL NUMBER IDENTIFIER | |
| control field | SGT |
| 082 ## - DEWEY DECIMAL CLASSIFICATION NUMBER | |
| Classification number | 617.632 |
| Item number | T22D |
| 100 ## - MAIN ENTRY--PERSONAL NAME | |
| Personal name | DESWAL, HIMANSHU |
| 245 ## - TITLE STATEMENT | |
| Title | TO EVALUATE THE VARIATION AND CORRELATION OF THE THICKNESS OF GINGIVA AND THE UNDERLYING BONE TYPE IN PERIODONTITIS PATIENTS |
| Remainder of title | AN APPROACH THROUGH CONE BEAM COMPUTED TOMOGRAPHY |
| 260 ## - PUBLICATION, DISTRIBUTION, ETC. (IMPRINT) | |
| Place of publication, distribution, etc | GURUGRAM, HARYANA |
| Name of publisher, distributor, etc | SGT UNIVERSITY |
| Year of Publication | 2022 |
| 300 ## - PAGE DESCRIPTION | |
| No. of Pages | 81 |
| 650 ## - SUBJECT ADDED ENTRY--TOPICAL TERM | |
| Topical term or geographic name as entry element | PERIODONTOLOGY |
| 653 ## - KEYWORDS--INDEX TERM | |
| Keyword term | PERIODONTOLOGY |
| 942 ## - ADDED ENTRY ELEMENTS (KOHA) | |
| Source of classification or shelving scheme | Dewey Decimal Classification |
| Koha item type | Thesis/Dissertation |
| Withdrawn status | Lost status | Source of classification or shelving scheme | Damaged status | Use restrictions | Not for loan | Home library | Current library | Shelving location | Date acquired | SGTU | Full call number | Accession No. (Barcode) | Date last seen | Bill Date | Koha item type |
|---|---|---|---|---|---|---|---|---|---|---|---|---|---|---|---|
| Dewey Decimal Classification | Restricted Access | Not For Loan | SGT Dental Library | SGT Dental Library | Reference Book | 28/09/2022 | SGTU | 617.632 T22D | DT1436 | 28/09/2022 | 28/09/2022 | Thesis/Dissertation | |||
| Dewey Decimal Classification | Restricted Access | Not For Loan | SGT Dental Library | SGT Dental Library | 18/04/2023 | SGTU | 617.632 T22D | DT1613 | 18/04/2023 | 18/04/2023 | Thesis/Dissertation | ||||
| Dewey Decimal Classification | Restricted Access | Not For Loan | SGT Dental Library | SGT Dental Library | 18/04/2023 | SGTU | 617.632 T22D | DT1614 | 18/04/2023 | 18/04/2023 | Thesis/Dissertation |